000 00294nam a22001097a 4500
082 _a669 PHY'R
100 _aRHODIN, THOR N
_958382
245 _aPHYSICAL METALLURGY OF STRESS CORROSION FRACTURE METALLURGICAL SOCIETY CONFERENCE
250 _aVOL-4
260 _aNEWYORK
_bIP
_c1959
942 _cBK
999 _c568581
_d568581